000 02813nam a22004215i 4500
001 978-981-99-4291-6
003 DE-He213
005 20250131131504.0
007 cr nn 008mamaa
008 230801s2023 si | s |||| 0|eng d
020 _a9789819942916
_9978-981-99-4291-6
024 7 _a10.1007/978-981-99-4291-6
_2doi
040 _aKO
_beng
041 0 _aeng
082 0 4 _a629.04
_223
245 1 0 _a2023 International Conference on Marine Equipment & Technology and Sustainable Development
_h[electronic resource] /
_cedited by Desen Yang.
250 _a1st ed. 2023.
264 1 _aSingapore :
_bSpringer Nature Singapore :
_bImprint: Springer,
_c2023.
300 _aXIII, 1243 p. 927 illus., 713 illus. in color.
_bonline resource.
338 _aonline resource
490 1 _aLecture Notes in Civil Engineering,
_x2366-2565 ;
_v375
505 0 _aInvestigation on Pile Driving Noise Production and Mitigation through Bubble Curtain -- Research on Command and Control of Maritime Emergency Rescue Based on Big Data -- Multidisciplinary Design Optimization Investigation of Air-Cooled Turbine Blade for Marine Gas Turbine -- A Joint Search and Rescue Planning Method at Sea Considering Vanished Position Offset.
520 _aThis book contains original, peer-reviewed, and selected research papers that were presented at the 2023 International Conference on Marine Equipment & Technology and Sustainable Development, which took place in Beijing, China on April 1st 2023. The papers cover a range of topics, including but not limited to: the vision and goals of building a maritime community with a shared future, marine machinery and transportation, marine ecology, environmental protection and conservation, marine safety, future ships and marine equipment, marine engineering, marine information and technology, maritime policy, and global governance. The papers included in this volume provide the latest findings on methodologies, algorithms, and applications in marine equipment and technology, as well as sustainable development. As a result, this book is an invaluable resource for researchers, engineers, and university students who are interested in these fields.
650 0 _aTransportation engineering.
650 0 _aTraffic engineering.
650 0 _aMarine engineering.
650 0 _aGeotechnical engineering.
650 1 4 _aTransportation Technology and Traffic Engineering.
650 2 4 _aMarine Engineering.
650 2 4 _aGeotechnical Engineering and Applied Earth Sciences.
700 1 _aYang, Desen.
_eeditor.
_4edt
_4http://id.loc.gov/vocabulary/relators/edt
830 0 _aLecture Notes in Civil Engineering,
_x2366-2565 ;
_v375
856 4 0 _uhttps://doi.org/10.1007/978-981-99-4291-6
904 _aRUDRA_R
905 _aR_RANJAN
942 _2ddc
_cEB
999 _c3203
_d3203